Torschützenliste der Premier League 2011-2012 - Statistiken

Allgemein
  • Dieses Quiz wurde 39 mal gespielt
  • Das Durchschnittsergebnis liegt bei 7 aus 11
Antwortstatistiken
Tore Nationalität Verein Spieler % Korrekt
30 Niederlande FC Arsenal Robin van Persie
100%
23 Argentinien Manchester City Sergio Agüero
95%
27 England Manchester United Wayne Rooney
95%
14 Bosnien und Herzegowina Manchester City Edin Džeko
87%
16 Senegal Newcastle United Demba Ba
74%
13 Italien Manchester City Mario Balotelli
69%
17 Togo Tottenham Hotspur Emmanuel Adebayor
64%
17 Vereinigte Staaten FC Fulham Clint Dempsey
49%
13 Senegal Newcastle United Papiss Cissé
41%
17 Nigeria Blackburn Rovers Yakubu
3%
15 England Norwich City Grant Holt
0%
Keine übereinstimmenden Quizze gefunden
Verteilung der Resultate
Anzahl Personen mit jedem Resultat
Perzentil nach korrekt beantworteten Fragen
Ihre Resultats-Entwicklung
Sie haben dieses Quiz noch nicht gespielt